MARC

LEADER 00000nam a2200000 a 4500
001 vtls011703166
003 SK-MaSNL
005 20260301094220.0
008 240313s2017 xo o e c 000 0 slo
015 |a SNBE2017 
020 |a 9788080592028  |q (brož.)  |z 9788080592011 
040 |a SNK  |b slo  |c SNK  |e AACR2 
041 1 |a slo  |a eng  |h slo 
043 |a e-xo--- 
044 |a xo  |c SK 
072 7 |a 391  |x Odev, móda, ozdoby  |2 konspekt 
072 7 |a 677  |x Textilný priemysel  |2 konspekt 
080 |a 391  |2 2011 
080 |a 646.4/.5  |2 2011 
080 |a 646.4/.5(091)  |2 2011 
080 |a 677  |2 2011 
080 |a 687.5.01  |2 2011 
080 |a 77.04:391  |2 2011 
080 |a (437.6)  |2 2011 
080 |a (083.824)  |2 2011 
100 1 |a Kleinová, Viera,  |d 1970-  |4 aut  |9 341748 
245 1 0 |a Nech šije!  |b móda na Slovensku 1945-1989  |c [texty Viera Kleinová, Zuzana Šidlíková ; preklad Elena a Paul McCullough] 
246 3 0 |a Móda na Slovensku 1945-1989 
246 3 1 |a Sew long!  |b fashion in Slovakia 1945-1989 
246 3 0 |a Fashion in Slovakia 1945-1989 
260 |a Bratislava  |b Slovenská národná galéria  |c 2017 
300 |a 59 s.  |b fotogr.  |c 25 cm 
500 |a Vydané k rovnomennej výstave konanej 7.4.-20.8.2017 v Slovenskej národnej galérii, Bratislava Esterházyho palác 
504 |a Obsahuje bibliografické odkazy 
546 |a Súbež. náz. a text v angl. 
648 7 |a 1945-1989  |2 SNKPH  |9 277989 
648 7 |a 20. stor.  |2 SNKPH  |9 275975 
648 7 |a 20th century  |2 SNKPHeng  |9 277995 
650 0 7 |a móda  |2 SNKPH  |9 19682 
650 0 7 |a odievanie  |2 SNKPH  |9 30427 
650 0 7 |a dejiny odievania  |2 SNKPH  |9 78393 
650 0 7 |a textilný priemysel  |2 SNKPH  |9 51332 
650 0 7 |a módne návrhárstvo  |2 SNKPH  |9 86030 
650 0 7 |a módna fotografia  |2 SNKPH  |9 52906 
650 0 7 |a Fashion  |2 SNKPHeng  |9 268439 
650 0 7 |a Clothing  |2 SNKPHeng  |9 267468 
650 0 7 |a History of clothing  |2 SNKPHeng  |9 333304 
650 0 7 |a Textile industry  |2 SNKPHeng  |9 291276 
650 0 7 |a Fashion design  |2 SNKPHeng  |9 315604 
650 0 7 |a Fashion photography  |2 SNKPHeng  |9 427660 
651 7 |a Slovensko  |2 SNKPHgeo 
651 7 |a Slovakia  |2 SNKPHeng  |9 92630 
655 7 |a katalógy výstav  |2 SNKPH  |9 70445 
655 7 |a Exhibition catalogs  |2 SNKPHeng  |9 266232 
700 1 |a Šidlíková, Zuzana,  |d 1978-  |4 aut  |9 26983 
700 1 |a McCullough, Elena  |4 trl  |9 195340 
700 1 |a McCullough, Paul,  |d 1956-  |4 trl  |9 195335 
700 1 |a Liška, Peter  |4 bkd  |9 328507 
700 1 |a Lelovský, Matúš,  |d 1982-  |4 bkd  |9 261177 
919 |a 978-80-8059-202-8 
919 |a 978-80-8059-201-1 
999 |c 679621  |d 681551 
952 |a SNK  |b SNK  |y PREZ  |7 0  |p 17A1261341  |o snkOSC 28086  |i snk2017/16542  |8 0  |0 0  |1 0  |4 0  |d 2017-07-18  |l 0  |r 2026-02-23 19:53:13  |w 2026-02-23 
952 |a SNK  |b SNK  |y VYP  |7 0  |p 17A1261342  |o snkOSC 28086 D1  |i snk2017/16543  |8 0  |0 0  |1 0  |4 0  |d 2017-07-18  |l 0  |r 2026-02-23 19:53:13  |w 2026-02-23